El alcalde de zalamea. /

Guardado en:
Autor Principal: Calderon De La Barca, Pedro
Formato: Libro
Publicado: Buenos Aires : Atlántida, 1978
Etiquetas: Agregar Etiqueta
Sin Etiquetas, Sea el primero en etiquetar este registro!
LEADER 00412nam a22001455a 4500
001 CEM.cems001332
005 20060214000000.0
008 130507s1978##################000#0#####d
003 CEMS
082 0 4 |a 862.3 
100 1 |a Calderon De La Barca, Pedro 
245 1 0 |a El alcalde de zalamea. / 
260 |a Buenos Aires :  |b Atlántida,  |c 1978 
300 |a 208 p.1 
859 |a CEMS  |b BIB. CEMS - 11 de abril  |h 862.3  |i C127-1/1  |p 14227.86  |t Ej.1